000 00914cam a2200289 a 4500
001 000012608
003 DO-SdBNP
005 20251028141319.0
008 991130s1999 ve 001 0 spa
020 _z0759697
035 _a(BoCbEI)ei 9904M1996
035 _a(BoCbEI)ei 9904M1996
040 _aDO-SdBNP
_cDLC
_dDLC
043 _acl-----
_as-ve---
049 _aBNGR
082 _a341.33
_bP852i
100 1 _aPortillo, Julio,
_d1944-
_916192
245 1 3 _aEl interés nacional y la política exterior /
_cJulio Portillo.
260 _aCaracas :
_bArte,
_c1999.
300 _a248 p. ;
_c23 cm.
500 _aIncludes indexes.
650 4 _aDerecho diplomatico y consular
_zVenezuela
_929311
651 0 _aVenezuela
_xRelaciones exteriores
_zAmérica Latina
_926230
651 4 _aAmércia Latina
_xRelaciones exteriores
_zVenezuela
_929313
910 _aCatalogación por copia / LC
942 _2ddc
_cLBS1
999 _c12263
_d12263